00475nam a2200157Ia 4500008004100000020001800041082001900059100002300078245005600101250000800157260007000165300002300235500001900258600002000277650002000297240925s9999 xx 000 0 und d a9789339204693 a332.632042 PEN aPenman, Stephen H. 0aFinancial Statement Analysis and Security Valuation a4th aNew Delhi:bMcGraw Hill Education (India) Private Limitedc,2014. a162p.b0fOriginal aIncludes Index aSocial Sciences aSocial Sciences